Digital forensics for network, internet, and cloud computing : (Record no. 20366)
[ view plain ]
| 000 -LEADER | |
|---|---|
| fixed length control field | 01106cam a22002775a 4500 |
| 001 - CONTROL NUMBER | |
| control field | 16206996 |
| 005 - DATE AND TIME OF LATEST TRANSACTION | |
| control field | 20201128021438.0 |
| 008 - FIXED-LENGTH DATA ELEMENTS--GENERAL INFORMATION | |
| fixed length control field | 100428t2010 maua fr 001 0 eng d |
| 020 ## - INTERNATIONAL STANDARD BOOK NUMBER | |
| International Standard Book Number | 9781597495370 (pbk. : alk. paper) |
| 020 ## - INTERNATIONAL STANDARD BOOK NUMBER | |
| International Standard Book Number | 1597495379 (pbk. : alk. paper) |
| 040 ## - CATALOGING SOURCE | |
| Original cataloging agency | DLC |
| Transcribing agency | DLC |
| Modifying agency | YDX |
| -- | YDXCP |
| -- | CDX |
| -- | BWX |
| -- | UKM |
| -- | DLC |
| -- | EG-ScBUE |
| Language of cataloging | eng |
| 082 04 - DEWEY DECIMAL CLASSIFICATION NUMBER | |
| Classification number | 363.2502854678 |
| Edition number | 22 |
| Item number | DIG |
| 245 00 - TITLE STATEMENT | |
| Title | Digital forensics for network, internet, and cloud computing : |
| Remainder of title | a forensic evidence guide for moving targets and data / |
| Statement of responsibility, etc | Terrence V. Lillard ... [et al.] ; technical editor, Jim Murray. |
| 260 ## - PUBLICATION, DISTRIBUTION, ETC. (IMPRINT) | |
| Place of publication, distribution, etc | Burlington : |
| Name of publisher, distributor, etc | Syngress / Elsevier, |
| Date of publication, distribution, etc | c.2010. |
| 300 ## - PHYSICAL DESCRIPTION | |
| Extent | xii, 353 p. : |
| Other physical details | ill. ; |
| Dimensions | 24 cm. |
| 500 ## - GENERAL NOTE | |
| General note | Index : p. 349-353. |
| 650 #0 - SUBJECT ADDED ENTRY--TOPICAL TERM | |
| Topical term or geographic name as entry element | Computer crimes |
| General subdivision | Investigation. |
| Source of heading or term | BUEsh |
| 9 (RLIN) | 11331 |
| 650 #7 - SUBJECT ADDED ENTRY--TOPICAL TERM | |
| Topical term or geographic name as entry element | Computer security. |
| Source of heading or term | BUEsh |
| 9 (RLIN) | 2637 |
| 650 #7 - SUBJECT ADDED ENTRY--TOPICAL TERM | |
| Topical term or geographic name as entry element | Computer networks |
| General subdivision | Security measures. |
| Source of heading or term | BUEsh |
| 9 (RLIN) | 2634 |
| 650 #0 - SUBJECT ADDED ENTRY--TOPICAL TERM | |
| Topical term or geographic name as entry element | Cloud computing |
| General subdivision | Security measures. |
| Source of heading or term | BUEsh |
| 9 (RLIN) | 37309 |
| 651 ## - SUBJECT ADDED ENTRY--GEOGRAPHIC NAME | |
| Source of heading or term | BUEsh |
| 653 ## - INDEX TERM--UNCONTROLLED | |
| Resource For college | Informatics and Computer Science |
| Arrived date list | December2015 |
| 700 1# - ADDED ENTRY--PERSONAL NAME | |
| Personal name | Lillard, Terrence. |
| 700 1# - ADDED ENTRY--PERSONAL NAME | |
| Personal name | Murray, Jim, |
| Relator term | editor. |
| 942 ## - ADDED ENTRY ELEMENTS (KOHA) | |
| Source of classification or shelving scheme | Dewey Decimal Classification |
| Withdrawn status | Lost status | Source of classification or shelving scheme | Damaged status | Not for loan | Koha collection | Home library | Current library | Shelving location | Date acquired | Source of acquisition | Cost, normal purchase price | Serial Enumeration / chronology | Total Checkouts | Full call number | Barcode | Date last seen | Date last borrowed | Cost, replacement price | Koha item type |
|---|---|---|---|---|---|---|---|---|---|---|---|---|---|---|---|---|---|---|---|
| Dewey Decimal Classification | Baccah | Central Library | Central Library | First floor | 27/07/2015 | Purchase | 560.00 | 21759 | 2 | 363.2502854678 DIG | 000039595 | 15/07/2025 | 11/03/2023 | 700.00 | Book - Borrowing |